L'éducation du caractère / (Record no. 58432)

MARC details
000 -LEADER
campo de control de longitud fija 00434nam a2200157 i 4500
001 - NÚMERO DE CONTROL
campo de control 58432
003 - IDENTIFICADOR DE NÚMERO DE CONTROL
campo de control ES-MaACL
007 - CAMPO FIJO DE DESCRIPCIÓN FÍSICA--INFORMACIÓN GENERAL
campo de control de longitud fija t|
008 - DATOS DE LONGITUD FIJA--INFORMACIÓN GENERAL
campo de control de longitud fija 031022s1912 fr ||||1| fre d
100 1# - ENTRADA PRINCIPAL--NOMBRE DE PERSONA
Nombre de persona Dugas, L.
9 (RLIN) 182644
245 12 - MENCIÓN DEL TÍTULO
Título L'éducation du caractère /
Mención de responsabilidad, etc. par L. Dugas.
260 ## - PUBLICACIÓN, DISTRIBUCIÓN, ETC.
Lugar de publicación, distribución, etc. Paris :
Nombre del editor, distribuidor, etc. Félix Alcan,
Fecha de publicación, distribución, etc. 1912 (
Lugar de fabricación/manufactura Coulommiers :
Fabricante Paul Brodard)
300 ## - DESCRIPCIÓN FÍSICA
Extensión XI, 258 p. ;
Dimensiones 23 cm.
852 ## - LOCALIZACIÓN
Ubicación ES-MaACL
Número de control de estantería B-6348
Holdings
Estatus retirado Estado de pérdida Estado de daño No para préstamo Biblioteca de origen Biblioteca actual Ubicación en estantería Fecha de adquisición Fuente de adquisición Total de préstamos Signatura topográfica completa Código de barras Visto por última vez Precio de reemplazo Tipo de ítem Koha
        Biblioteca del Ateneo de Madrid Biblioteca del Ateneo de Madrid Sala Pardo Bazán 17/01/2008     B-6348 1061311 23/02/2023 23/02/2023 Libro impreso